History - European | 0 | 7 | 0 | 0 | 70 | 60 | 103.14 | 0 | 0 |
History - Cross, Historiography, and Miscellaneous | 1 | 4 | 0 | 0 | 55 | 64 | 95.40 | 1 | 1 |
History - World | 2 | 1 | 0 | 0 | 40 | 36 | 71.33 | 1 | 1 |
RMP - Greco-Roman Mythology | 1 | 1 | 0 | 0 | 25 | 66 | 66.00 | 1 | 2 |
History - American | 0 | 2 | 0 | 0 | 20 | 65 | 88.00 | 0 | 0 |
Current Events - World | 1 | 0 | 0 | 0 | 15 | 45 | 45.00 | 0 | 0 |
Other - Other Academic and General Knowledge | 1 | 0 | 0 | 0 | 15 | 62 | 62.00 | 0 | 0 |
RMP - Islam | 0 | 1 | 0 | 0 | 10 | 124 | 124.00 | 0 | 0 |
Science - Math | 0 | 1 | 0 | 0 | 10 | 115 | 115.00 | 0 | 0 |
Science - Computer Science | 0 | 1 | 0 | 0 | 10 | 100 | 100.00 | 0 | 0 |
Fine Arts - Jazz | 0 | 1 | 0 | 0 | 10 | 110 | 110.00 | 0 | 0 |
Fine Arts - Sculpture | 0 | 0 | 0 | 0 | 0 | | 0.00 | 0 | 0 |
Fine Arts - Miscellaneous | 0 | 0 | 0 | 0 | 0 | | 0.00 | 0 | 0 |
Science - Biology | 0 | 0 | 0 | 0 | 0 | | 0.00 | 0 | 0 |
Fine Arts - Photography | 0 | 0 | 0 | 0 | 0 | | 0.00 | 0 | 0 |